000 00731nam a2200217 i 4500
001 30701
003 ES-MaACL
005 20230906154235.0
007 t|
008 030127s1929 fr ||||1| fre d
100 1 _aBatiffol, Pierre.
_926425
245 1 3 _aLe catholicisme de Saint Augustin /
_cPierre Batiffol.
250 _a5eme ed.
260 _aParís :
_bJ. Gabalda,
_c1929 (
_fFirmin Didot)
300 _aVIII, 555 p. ;
_c18 cm.
490 1 _aLe catholicisme des origines à Saint Léon ;
_v3
600 0 4 _aAgustín
_cSanto, Obispo de Hipona-
_xCrítica e interpretación.
_918918
830 0 _aLe catholicisme des origines à Saint Léon ;
_v3
_9181364
852 _aES-MaACL
_jD-4680
_bR.29582
999 _c30701
_d30701